[Event "GBR-ch72"]
[Site "Edinburgh"]
[Date "1985.08.08"]
[Round "10.22"]
[White "Waddingham, Graham A"]
[Black "Horner, Jeff"]
[Result "1-0"]
[WhiteElo "2264"]
[BlackElo "2375"]
[PlyCount "79"]
[EventDate "1985.07.29"]
[EventType "swiss"]
[EventRounds "11"]
[EventCountry "GBR"]
[SourceTitle "BritBase"]
[Source "John Saunders"]
[SourceDate "2020.09.07"]
[SourceVersion "1"]
[SourceVersionDate "2020.09.07"]
[SourceQuality "2"]

1. e4 e5 2. Nf3 Nc6 3. Bc4 Bc5 4. c3 Qe7 5. O-O d6 6. d4 Bb6 7. h3 Nf6 8. Re1
h6 9. a4 a5 10. b4 axb4 11. d5 Nb8 12. cxb4 Nbd7 13. Nc3 O-O 14. Nb5 Ne8 15. a5
Ba7 16. Ra3 c5 17. dxc6 bxc6 18. Nxa7 Rxa7 19. Be3 Ra8 20. Qc2 Nc7 21. Rea1 Ba6
22. Bxa6 Rxa6 23. Rc3 Nb8 24. Bb6 Na8 25. Rxc6 Nxc6 26. b5 Rxb6 27. axb6 Nb4
28. Qc3 d5 29. b7 Nb6 30. Nxe5 d4 31. Qxd4 Nc2 32. Qxb6 Nxa1 33. b8=Q Rxb8 34.
Qxb8+ Kh7 35. b6 Qb4 36. Qc7 Qa5 37. Nc4 Qe1+ 38. Kh2 Nc2 39. b7 Nd4 40. Qf4
1-0

[Event "GBR-ch72"]
[Site "Edinburgh"]
[Date "1985.08.08"]
[Round "10.23"]
[White "Bradbury, Neil H"]
[Black "Emms, John"]
[Result "0-1"]
[WhiteElo "2335"]
[BlackElo "2245"]
[PlyCount "82"]
[EventDate "1985.07.29"]
[EventType "swiss"]
[EventRounds "11"]
[EventCountry "GBR"]
[SourceTitle "BritBase"]
[Source "John Saunders"]
[SourceDate "2020.09.07"]
[SourceVersion "1"]
[SourceVersionDate "2020.09.07"]
[SourceQuality "2"]

1. d4 Nf6 2. Nf3 e6 3. c4 b6 4. g3 Ba6 5. Qc2 c5 6. Bg2 Nc6 7. dxc5 Bxc5 8. a3
Rc8 9. Qa4 Bb7 10. b4 Be7 11. O-O O-O 12. Nc3 a5 13. b5 Nb8 14. Bf4 d6 15. Qb3
Qc7 16. Na4 Nbd7 17. Rac1 Ne4 18. Be3 Ndc5 19. Nxc5 Nxc5 20. Qc2 Be4 21. Qa2
Qb7 22. Rfd1 a4 23. Ne1 Bxg2 24. Nxg2 Nb3 25. Rc2 Rc7 26. Bf4 Rd8 27. f3 Qc8
28. Be3 Rxc4 29. Rxc4 Qxc4 30. Bxb6 Rb8 31. Be3 Qxb5 32. Nf4 d5 33. Nd3 h6 34.
Kg2 Rc8 35. Bf2 Qc4 36. h4 Qc2 37. Qxc2 Rxc2 38. Kf1 Bxa3 39. Ke1 Bb2 40. Nxb2
Rxb2 41. Bd4 Nxd4 0-1

[Event "GBR-ch72"]
[Site "Edinburgh"]
[Date "1985.08.08"]
[Round "10.24"]
[White "West, Guy"]
[Black "Jackson, Oliver A"]
[Result "1/2-1/2"]
[WhiteElo "2310"]
[BlackElo "2230"]
[PlyCount "83"]
[EventDate "1985.07.29"]
[EventType "swiss"]
[EventRounds "11"]
[EventCountry "GBR"]
[SourceTitle "BritBase"]
[Source "John Saunders"]
[SourceDate "2020.09.07"]
[SourceVersion "1"]
[SourceVersionDate "2020.09.07"]
[SourceQuality "2"]

1. e4 c5 2. d4 cxd4 3. c3 Nf6 4. e5 Nd5 5. Nf3 e6 6. cxd4 b6 7. Bd3 Ba6 8. O-O
Be7 9. Re1 Bxd3 10. Qxd3 Nc6 11. a3 Rc8 12. Bd2 O-O 13. Nc3 Nxc3 14. Bxc3 d5
15. Re3 Qd7 16. h4 h6 17. h5 b5 18. Nh2 a5 19. Qxb5 Nxe5 20. Qxd7 Nxd7 21. Bxa5
Rc4 22. Nf3 Rfc8 23. Ne5 Nxe5 24. dxe5 Rc2 25. Rb3 Bc5 26. Be1 Bd4 27. Rb1 Bxe5
28. a4 R8c4 29. a5 Ra4 30. Rb7 d4 31. b4 Bc7 32. Ra7 Raa2 33. b5 Bg3 34. Rb3
Bxf2+ 35. Bxf2 Rxf2 36. Rg3 d3 37. b6 Rfb2 38. Rxd3 Rxg2+ 39. Kh1 Rh2+ 40. Kg1
Rag2+ 41. Kf1 Ra2 42. Kg1 1/2-1/2

[Event "GBR-ch72"]
[Site "Edinburgh"]
[Date "1985.08.08"]
[Round "10.25"]
[White "Shovel, Kenneth"]
[Black "Thomas, Ian L"]
[Result "0-1"]
[WhiteElo "2280"]
[BlackElo "2295"]
[PlyCount "62"]
[EventDate "1985.07.29"]
[EventType "swiss"]
[EventRounds "11"]
[EventCountry "GBR"]
[SourceTitle "BritBase"]
[Source "John Saunders"]
[SourceDate "2020.09.07"]
[SourceVersion "1"]
[SourceVersionDate "2020.09.07"]
[SourceQuality "2"]

1. d4 b5 2. e4 Bb7 3. f3 a6 4. a4 b4 5. c4 bxc3 6. bxc3 e6 7. Bd3 d5 8. e5 c5
9. Ne2 Nc6 10. O-O cxd4 11. cxd4 Qb6 12. Kh1 Bb4 13. Ba3 Nge7 14. Bxb4 Nxb4 15.
Nbc3 Nec6 16. f4 f5 17. exf6 gxf6 18. Na2 a5 19. Nec3 Nxd4 20. Nxb4 axb4 21.
Nb5 Nxb5 22. Bxb5+ Bc6 23. Qh5+ Ke7 24. Bxc6 Qxc6 25. f5 e5 26. Rac1 Qd6 27.
Qh6 Rhf8 28. Rf3 Rf7 29. Rc2 Rxa4 30. Qc1 Ra7 31. Rc6 Qxc6 0-1

[Event "GBR-ch72"]
[Site "Edinburgh"]
[Date "1985.08.08"]
[Round "10.26"]
[White "Lane, Gary William"]
[Black "Small, Simon"]
[Result "1/2-1/2"]
[WhiteElo "2330"]
[BlackElo "2152"]
[PlyCount "121"]
[EventDate "1985.07.29"]
[EventType "swiss"]
[EventRounds "11"]
[EventCountry "GBR"]
[SourceTitle "BritBase"]
[Source "John Saunders"]
[SourceDate "2020.09.07"]
[SourceVersion "1"]
[SourceVersionDate "2020.09.07"]
[SourceQuality "2"]

1. e4 c5 2. c3 Nf6 3. e5 Nd5 4. d4 cxd4 5. Nf3 e6 6. cxd4 b6 7. Nc3 Nxc3 8.
bxc3 Qc7 9. Bd2 Bb7 10. Bd3 d6 11. O-O Nd7 12. Re1 dxe5 13. Nxe5 Nxe5 14. Rxe5
Bd6 15. Rh5 g6 16. Bb5+ Bc6 17. Bxc6+ Qxc6 18. Rh3 h5 19. Bg5 Be7 20. d5 Qd6
21. Qa4+ Kf8 22. Bxe7+ Qxe7 23. dxe6 Qxe6 24. Qd4 Kg8 25. Rf3 Qc6 26. Re3 h4
27. h3 Rh5 28. Rae1 Rg5 29. f3 Rf8 30. Qxh4 Qf6 31. Kh1 Qf5 32. Re8 Rh5 33. Qd8
Rxh3+ 34. Kg1 Qc5+ 35. R1e3 Qxe3+ 36. Rxe3 Rxd8 37. gxh3 Rd2 38. a4 Ra2 39. Re4
Kg7 40. Rf4 Kg8 41. Kf1 Kg7 42. h4 Rc2 43. Rc4 Ra2 44. Rf4 Kf8 45. Rc4 Ke8 46.
Re4+ Kd7 47. Rf4 Ke6 48. Re4+ Kf6 49. Rf4+ Kg7 50. Rc4 Kh6 51. Rc7 Rxa4 52.
Rxf7 a6 53. Rb7 b5 54. Rb6 Ra2 55. Ke1 Kh5 56. Kf1 Rc2 57. Rxa6 Rxc3 58. Kg2 b4
59. Rb6 Rc4 60. Kg3 Rxh4 61. f4 1/2-1/2

[Event "GBR-ch72"]
[Site "Edinburgh"]
[Date "1985.08.08"]
[Round "10.27"]
[White "Jackson, Sheila"]
[Black "Vaidya, Arun"]
[Result "0-1"]
[WhiteElo "2225"]
[BlackElo "2365"]
[PlyCount "88"]
[EventDate "1985.07.29"]
[EventType "swiss"]
[EventRounds "11"]
[EventCountry "GBR"]
[SourceTitle "BritBase"]
[Source "John Saunders"]
[SourceDate "2020.09.07"]
[SourceVersion "1"]
[SourceVersionDate "2020.09.07"]
[SourceQuality "2"]

1. e4 e6 2. d4 d5 3. Nd2 b6 4. Ngf3 Nf6 5. e5 Nfd7 6. c4 Bb7 7. Bd3 Be7 8. O-O
O-O 9. Qc2 h6 10. a3 a5 11. cxd5 Bxd5 12. Be4 c6 13. Nc4 Na6 14. Ne3 Qc7 15.
Nxd5 cxd5 16. Bh7+ Kh8 17. Qb1 b5 18. b3 a4 19. b4 Nb6 20. Bd3 Nc4 21. Qa2 Rg8
22. h4 Nb8 23. Bb1 Nd7 24. Qc2 Nf8 25. h5 f5 26. exf6 Bxf6 27. Re1 Qf7 28. Qd3
Re8 29. Bf4 Qxh5 30. Ne5 Re7 31. g4 Qe8 32. Kg2 g5 33. Bg3 Bxe5 34. Bxe5+ Nxe5
35. dxe5 Ng6 36. Qe3 Nf4+ 37. Kg3 Rc7 38. Rh1 Rc3 39. Rxh6+ Kg7 40. Rh7+ Kf8
41. Ra2 d4 42. Qxc3 dxc3 43. Be4 Qb8 44. Rd7 Rh8 0-1

[Event "GBR-ch72"]
[Site "Edinburgh"]
[Date "1985.08.08"]
[Round "10.29"]
[White "Gallagher, Joseph G"]
[Black "Gregory, Stephen J"]
[Result "1-0"]
[WhiteElo "2310"]
[BlackElo "2152"]
[PlyCount "91"]
[EventDate "1985.07.29"]
[EventType "swiss"]
[EventRounds "11"]
[EventCountry "GBR"]
[SourceTitle "BritBase"]
[Source "John Saunders"]
[SourceDate "2020.09.07"]
[SourceVersion "1"]
[SourceVersionDate "2020.09.07"]
[SourceQuality "2"]

1. e4 d6 2. d4 Nf6 3. Nc3 g6 4. g3 Bg7 5. Bg2 O-O 6. Nge2 c6 7. a4 e5 8. h3 Be6
9. O-O Qc8 10. Kh2 Na6 11. Be3 Rd8 12. d5 cxd5 13. exd5 Bd7 14. Nb5 Qb8 15.
Nec3 Nb4 16. Qd2 a5 17. Nb1 Rc8 18. N1a3 Bf5 19. c3 Na6 20. g4 Bd7 21. b4 h6
22. Rfb1 axb4 23. cxb4 Kh7 24. Rc1 Rf8 25. Nc4 Ne8 26. Nb6 Qd8 27. Nxa8 Qxa8
28. Bb6 f5 29. gxf5 Rxf5 30. Ra3 Nf6 31. Nxd6 Rf4 32. Rc4 Nh5 33. Be3 Rxc4 34.
Nxc4 Qf8 35. d6 e4 36. b5 Nb8 37. Bxe4 Bxh3 38. Kxh3 Qc8+ 39. d7 Nxd7 40. Nd6
Qf8 41. Bxg6+ Kxg6 42. Qd3+ Kf6 43. Qf5+ Ke7 44. Qxf8+ Bxf8 45. Nxb7 Ke6 46.
Ra2 1-0

[Event "GBR-ch72"]
[Site "Edinburgh"]
[Date "1985.08.08"]
[Round "10.30"]
[White "Lalic, Susan Kathryn"]
[Black "Branford, John W"]
[Result "1-0"]
[WhiteElo "2050"]
[BlackElo "2255"]
[PlyCount "79"]
[EventDate "1985.07.29"]
[EventType "swiss"]
[EventRounds "11"]
[EventCountry "GBR"]
[SourceTitle "BritBase"]
[Source "John Saunders"]
[SourceDate "2020.09.07"]
[SourceVersion "1"]
[SourceVersionDate "2020.09.07"]
[SourceQuality "2"]

1. e4 e6 2. d4 d5 3. Nc3 Bb4 4. e5 c5 5. Qg4 Ne7 6. Nf3 Nf5 7. dxc5 Nc6 8. Bb5
Bxc5 9. O-O Bd7 10. Bd3 Nce7 11. Bg5 Qc7 12. Bxe7 h5 13. Bd6 hxg4 14. Bxc7 gxf3
15. Bxf5 exf5 16. Nxd5 Bc6 17. c4 Rh4 18. b4 Rxc4 19. bxc5 Bxd5 20. Rfd1 Bc6
21. Bd6 fxg2 22. Rd3 O-O-O 23. Rh3 f4 24. f3 Rc2 25. a3 g5 26. Rh7 Bd5 27. Rg7
Rh8 28. Rb1 Bxf3 29. Rxf7 Bd5 30. e6 Bxe6 31. Rc7+ Kd8 32. Rcxb7 Bc8 33. Rg7 f3
34. Bg3 Rf8 35. Bf2 g4 36. Bh4+ Ke8 37. Re7+ Kd8 38. Rg7+ Ke8 39. Re7+ Kd8 40.
Re2+ 1-0

[Event "GBR-ch72"]
[Site "Edinburgh"]
[Date "1985.08.08"]
[Round "10.31"]
[White "Arkell, Keith C"]
[Black "Evans, Raymond G"]
[Result "1-0"]
[WhiteElo "2385"]
[BlackElo "2128"]
[PlyCount "73"]
[EventDate "1985.07.29"]
[EventType "swiss"]
[EventRounds "11"]
[EventCountry "GBR"]
[SourceTitle "BritBase"]
[Source "John Saunders"]
[SourceDate "2020.09.07"]
[SourceVersion "1"]
[SourceVersionDate "2020.09.07"]
[SourceQuality "2"]

1. g3 e5 2. Bg2 d5 3. c4 d4 4. e3 c5 5. exd4 exd4 6. Qa4+ Nd7 7. Nf3 Ngf6 8.
O-O Be7 9. b4 O-O 10. bxc5 Nxc5 11. Qd1 d3 12. Ba3 Be6 13. Bxc5 Bxc5 14. Qb3
Rb8 15. Qb5 Bd4 16. Nxd4 Qxd4 17. Na3 a6 18. Qa5 Ne4 19. Rab1 Rfc8 20. Qb4 Bxc4
21. Bxe4 Qxe4 22. Rfe1 Qd5 23. Nxc4 Rxc4 24. Qxb7 Qxb7 25. Rxb7 Rcc8 26. Rxb8
Rxb8 27. Re3 Rd8 28. Kg2 Kf8 29. Kf3 Rd5 30. Re4 Rb5 31. Ke3 Rb2 32. Ra4 Rb6
33. Kxd3 Ke7 34. Kc3 Kd6 35. Ra5 Rc6+ 36. Kd4 Kc7 37. Rc5 1-0

[Event "GBR-ch72"]
[Site "Edinburgh"]
[Date "1985.08.08"]
[Round "10.32"]
[White "Mannion, Stephen R"]
[Black "Singh, Sukh Dave"]
[Result "1-0"]
[WhiteElo "2215"]
[BlackElo "2080"]
[PlyCount "69"]
[EventDate "1985.07.29"]
[EventType "swiss"]
[EventRounds "11"]
[EventCountry "GBR"]
[SourceTitle "BritBase"]
[Source "John Saunders"]
[SourceDate "2020.09.07"]
[SourceVersion "1"]
[SourceVersionDate "2020.09.07"]
[SourceQuality "2"]

1. e4 c6 2. d4 d5 3. e5 Bf5 4. Nc3 Qb6 5. Nf3 e6 6. Be2 Ne7 7. h3 Nd7 8. O-O f6
9. exf6 gxf6 10. Bd3 O-O-O 11. Re1 Re8 12. Bf4 Bxd3 13. Qxd3 Ng6 14. Bg3 Bh6
15. Na4 Qa5 16. Qb3 Nf4 17. c4 Rhg8 18. cxd5 exd5 19. Qc2 Re4 20. Nc3 Rxe1+ 21.
Rxe1 Ng6 22. Re6 Bf4 23. b4 Qc7 24. Ne2 Bxg3 25. Nxg3 Rd8 26. Nh5 Nf4 27. Nxf4
Qxf4 28. b5 Nf8 29. Re7 Qd6 30. Qf5+ Nd7 31. Re6 Qc7 32. bxc6 bxc6 33. Rxf6 Kb8
34. Rf7 Qd6 35. Qxh7 1-0

[Event "GBR-ch72"]
[Site "Edinburgh"]
[Date "1985.08.08"]
[Round "10.33"]
[White "Richardson, Kevin D"]
[Black "Wallace, D.."]
[Result "1-0"]
[WhiteElo "2112"]
[BlackElo "1965"]
[PlyCount "54"]
[EventDate "1985.07.29"]
[EventType "swiss"]
[EventRounds "11"]
[EventCountry "GBR"]
[SourceTitle "BritBase"]
[Source "John Saunders"]
[SourceDate "2020.09.07"]
[SourceVersion "1"]
[SourceVersionDate "2020.09.07"]
[SourceQuality "2"]

1. e4 c5 2. Nf3 d6 3. d4 cxd4 4. Nxd4 Nf6 5. Nc3 a6 6. Bg5 e6 7. Qe2 Be7 8. f4
h6 9. Bh4 O-O 10. O-O-O Nxe4 11. Nxe4 Bxh4 12. g4 d5 13. Nc3 Nc6 14. Nf3 Bf6
15. Ne5 Bxe5 16. fxe5 Qg5+ 17. Kb1 Qxe5 18. Qg2 b5 19. Bd3 Bb7 20. Rde1 Qf6 21.
h4 g6 22. g5 hxg5 23. hxg5 Qg7 24. Rh6 Rfe8 25. Qh2 Nb4 26. Rh1 Kf8 27. Rh8+
Ke7 1-0

[Event "GBR-ch72"]
[Site "Edinburgh"]
[Date "1985.08.08"]
[Round "10.34"]
[White "Abayasekera, Roger"]
[Black "Habershon, Paul F"]
[Result "1-0"]
[WhiteElo "2200"]
[BlackElo "2112"]
[PlyCount "149"]
[EventDate "1985.07.29"]
[EventType "swiss"]
[EventRounds "11"]
[EventCountry "GBR"]
[SourceTitle "BritBase"]
[Source "John Saunders"]
[SourceDate "2020.09.07"]
[SourceVersion "1"]
[SourceVersionDate "2020.09.07"]
[SourceQuality "2"]

1. e4 Nf6 2. e5 Nd5 3. d4 d6 4. Nf3 Bg4 5. Be2 e6 6. O-O Be7 7. h3 Bh5 8. c4
Nb6 9. Nc3 O-O 10. Be3 d5 11. c5 Nc8 12. b4 Bxf3 13. gxf3 Bh4 14. Bd3 Ne7 15.
Kh2 g6 16. Rg1 Kh8 17. Ne2 Nd7 18. b5 Nf5 19. Rg4 Qe7 20. Qd2 Rg8 21. Rag1 Rae8
22. Bc2 Qd8 23. R4g2 Be7 24. Bh6 Nh4 25. Rg3 Nf5 26. Bxf5 exf5 27. Nf4 Nf8 28.
Bxf8 Bxf8 29. Nh5 Bg7 30. Nxg7 Kxg7 31. Rg5 Kh8 32. R5g3 Qh4 33. f4 Re6 34. Rf3
Ra8 35. Qa5 Qd8 36. Ra3 Qh4 37. Qd2 Qd8 38. Rb1 a6 39. Qa5 b6 40. cxb6 cxb6 41.
Qa4 a5 42. Qc2 Qh4 43. Rf3 Kg7 44. Qb3 Rd8 45. Qc3 Rde8 46. Rc1 R8e7 47. Qb3
Rd7 48. Rc6 Qe7 49. a3 Qh4 50. Qc2 Qe7 51. Qc1 Qd8 52. Rfc3 Qh4 53. Qe3 Qe7 54.
Qg3 Qd8 55. Qg5 Qxg5 56. fxg5 Rde7 57. Rd6 h6 58. h4 Re8 59. Kg3 Rb8 60. Rc7
Rxd6 61. exd6 hxg5 62. hxg5 Rd8 63. Rc6 f6 64. f4 fxg5 65. fxg5 Kf7 66. Rxb6
Rc8 67. Rc6 Rb8 68. a4 Ke6 69. Kf4 Re8 70. d7+ Kxd7 71. Rxg6 Re4+ 72. Kxf5 Rxd4
73. Ke5 Rxa4 74. Rg7+ Ke8 75. b6 1-0

[Event "GBR-ch72"]
[Site "Edinburgh"]
[Date "1985.08.08"]
[Round "10.35"]
[White "Lewis, David Rhys"]
[Black "Walker, RH.."]
[Result "0-1"]
[WhiteElo "1885"]
[BlackElo "2180"]
[PlyCount "74"]
[EventDate "1985.07.29"]
[EventType "swiss"]
[EventRounds "11"]
[EventCountry "GBR"]
[SourceTitle "BritBase"]
[Source "John Saunders"]
[SourceDate "2020.09.07"]
[SourceVersion "1"]
[SourceVersionDate "2020.09.07"]
[SourceQuality "2"]

1. e4 e6 2. d4 d5 3. Nc3 Bb4 4. Nge2 dxe4 5. a3 Bxc3+ 6. Nxc3 Nc6 7. Bb5 Nge7
8. Bg5 f6 9. Be3 O-O 10. Qd2 e5 11. d5 Nd4 12. Bxd4 exd4 13. Qxd4 Nf5 14. Qd2
Nd6 15. Be2 f5 16. O-O-O Qe7 17. f4 Bd7 18. h3 b5 19. g4 a5 20. Rhg1 b4 21. Nb1
Rab8 22. Rg3 Qf6 23. axb4 Rxb4 24. c3 Rb3 25. g5 Qe7 26. Qd4 Rfb8 27. Rd2 Nb5
28. Bxb5 Bxb5 29. Re3 Qd6 30. Rf2 Bd3 31. h4 a4 32. Rxd3 exd3 33. c4 Qe7 34.
Nc3 Qe1+ 35. Nd1 a3 36. Qe5 Qxe5 37. fxe5 a2 0-1

[Event "GBR-ch72"]
[Site "Edinburgh"]
[Date "1985.08.08"]
[Round "10.36"]
[White "Morrison, Robert"]
[Black "Upton, Timothy J"]
[Result "1/2-1/2"]
[WhiteElo "2370"]
[BlackElo "2305"]
[PlyCount "50"]
[EventDate "1985.07.29"]
[EventType "swiss"]
[EventRounds "11"]
[EventCountry "GBR"]
[SourceTitle "BritBase"]
[Source "John Saunders"]
[SourceDate "2020.09.07"]
[SourceVersion "1"]
[SourceVersionDate "2020.09.07"]
[SourceQuality "2"]

1. e4 e5 2. Nf3 Nc6 3. Bb5 a6 4. Ba4 d6 5. O-O Bg4 6. h3 Bh5 7. c3 Nf6 8. Re1
Be7 9. b4 O-O 10. d3 b5 11. Bc2 a5 12. a3 d5 13. Bb2 Bxf3 14. Qxf3 d4 15. bxa5
Rxa5 16. a4 dxc3 17. Nxc3 Nd4 18. Qd1 b4 19. Ne2 Bc5 20. Bb3 Nxe2+ 21. Qxe2 Bd4
22. Rac1 c5 23. Rc4 Bxb2 24. Qxb2 Nd7 25. Rcc1 Qe7 {etc (83)} 1/2-1/2

[Event "GBR-ch72"]
[Site "Edinburgh"]
[Date "1985.08.08"]
[Round "10.37"]
[White "Bowden, Karl"]
[Black "Ravikumar, Vaidyanathan"]
[Result "1/2-1/2"]
[WhiteElo "2250"]
[BlackElo "2370"]
[PlyCount "41"]
[EventDate "1985.07.29"]
[EventType "swiss"]
[EventRounds "11"]
[EventCountry "GBR"]
[SourceTitle "BritBase"]
[Source "John Saunders"]
[SourceDate "2020.09.07"]
[SourceVersion "1"]
[SourceVersionDate "2020.09.07"]
[SourceQuality "2"]

1. d4 Nf6 2. Nf3 e6 3. e3 b6 4. Bd3 c5 5. O-O Be7 6. b3 O-O 7. Bb2 Bb7 8. Nbd2
d6 9. c4 Nbd7 10. Qe2 Qc7 11. Rad1 Rfe8 12. Rfe1 Bf8 13. Bb1 a6 14. dxc5 bxc5
15. Ng5 d5 16. e4 h6 17. Ngf3 dxe4 18. Nxe4 Nxe4 19. Bxe4 Bxe4 20. Qxe4 a5 21.
Rd3 1/2-1/2

[Event "GBR-ch72"]
[Site "Edinburgh"]
[Date "1985.08.09"]
[Round "11.4"]
[White "Chandler, Murray G"]
[Black "Pritchett, Craig William"]
[Result "1-0"]
[WhiteElo "2525"]
[BlackElo "2395"]
[PlyCount "67"]
[EventDate "1985.07.29"]
[EventType "swiss"]
[EventRounds "11"]
[EventCountry "GBR"]
[SourceTitle "BritBase"]
[Source "John Saunders"]
[SourceDate "2020.09.07"]
[SourceVersion "1"]
[SourceVersionDate "2020.09.07"]
[SourceQuality "2"]

1. e4 c5 2. Nf3 e6 3. d4 cxd4 4. Nxd4 Nc6 5. Nb5 d6 6. c4 Nf6 7. N1c3 a6 8. Na3
Be7 9. Be2 O-O 10. O-O b6 11. Be3 Ne5 12. f4 Ned7 13. Bf3 Bb7 14. Qe2 Rc8 15.
Rac1 Re8 16. Rfd1 Qc7 17. g4 h6 18. h4 Nh7 19. Qh2 Qb8 20. g5 f5 21. Qg2 hxg5
22. hxg5 fxe4 23. Nxe4 d5 24. Nf2 Bc5 25. Bxc5 Nxc5 26. Rd4 Rf8 27. g6 Nf6 28.
Qh3 Rfe8 29. Re1 Qd6 30. Bg4 e5 31. fxe5 Rxe5 32. Rxe5 Qxe5 33. Bxc8 Qxd4 34.
Bxb7 1-0

[Event "GBR-ch72"]
[Site "Edinburgh"]
[Date "1985.08.09"]
[Round "11.5"]
[White "King, Daniel J"]
[Black "McNab, Colin Anderson"]
[Result "1/2-1/2"]
[WhiteElo "2435"]
[BlackElo "2420"]
[PlyCount "35"]
[EventDate "1985.07.29"]
[EventType "swiss"]
[EventRounds "11"]
[EventCountry "GBR"]
[SourceTitle "BritBase"]
[Source "John Saunders"]
[SourceDate "2020.09.07"]
[SourceVersion "1"]
[SourceVersionDate "2020.09.07"]
[SourceQuality "2"]

1. e4 g6 2. d4 d6 3. Nf3 Nf6 4. Nc3 Bg7 5. Be2 O-O 6. O-O Bg4 7. Be3 Nc6 8. d5
Bxf3 9. Bxf3 Ne5 10. Be2 c6 11. a4 cxd5 12. exd5 Qa5 13. Ra3 Ned7 14. Rb3 Nc5
15. Bxc5 Qxc5 16. Rxb7 Rfb8 17. Rb5 Rxb5 18. axb5 1/2-1/2

[Event "GBR-ch72"]
[Site "Edinburgh"]
[Date "1985.08.09"]
[Round "11.6"]
[White "Condie, Mark L"]
[Black "Hartston, William Roland"]
[Result "1-0"]
[WhiteElo "2405"]
[BlackElo "2430"]
[PlyCount "49"]
[EventDate "1985.07.29"]
[EventType "swiss"]
[EventRounds "11"]
[EventCountry "GBR"]
[SourceTitle "BritBase"]
[Source "John Saunders"]
[SourceDate "2020.09.07"]
[SourceVersion "1"]
[SourceVersionDate "2020.09.07"]
[SourceQuality "2"]

1. d4 Nf6 2. Nf3 d5 3. c4 e6 4. Nc3 Nbd7 5. Bg5 h6 6. Bh4 Be7 7. e3 O-O 8. Rc1
c6 9. Bd3 dxc4 10. Bxc4 b5 11. Bd3 a6 12. a4 b4 13. Bxf6 gxf6 14. Ne4 f5 15.
Ng3 c5 16. e4 cxd4 17. exf5 Nc5 18. Bb1 exf5 19. O-O Qd5 20. Re1 Bf6 21. Nh5
Bh8 22. Qd2 a5 23. Qxh6 Ra6 24. Qg5+ Kh7 25. Nf4 {(This game was missing from
the tournament bulletin but published in BCM, March 1986, page 117)} 1-0

[Event "GBR-ch72"]
[Site "Edinburgh"]
[Date "1985.08.09"]
[Round "11.7"]
[White "Hebden, Mark L"]
[Black "Motwani, Paul"]
[Result "1/2-1/2"]
[WhiteElo "2455"]
[BlackElo "2365"]
[PlyCount "100"]
[EventDate "1985.07.29"]
[EventType "swiss"]
[EventRounds "11"]
[EventCountry "GBR"]
[SourceTitle "BritBase"]
[Source "John Saunders"]
[SourceDate "2020.09.07"]
[SourceVersion "1"]
[SourceVersionDate "2020.09.07"]
[SourceQuality "2"]

1. e4 e5 2. f4 exf4 3. Nf3 h6 4. d4 g5 5. Nc3 Bg7 6. g3 d6 7. h4 g4 8. Nh2 f3
9. Bc4 Nc6 10. Be3 Nf6 11. Qd2 Ne7 12. O-O-O c6 13. Rhe1 b5 14. Bd3 b4 15. Nb1
Rb8 16. c4 Nh5 17. Nf1 Qa5 18. b3 c5 19. e5 cxd4 20. exd6 dxe3 21. Rxe3 Be6 22.
dxe7 Kxe7 23. Nh2 Nf6 24. Qb2 Rhd8 25. Rxe6+ fxe6 26. Nxg4 Ne8 27. Qf2 h5 28.
Nh2 Bh6+ 29. Kb2 Qe5+ 30. Kc2 Bg7 31. Kc1 Bh6+ 32. Kc2 Qa5 33. Kb2 Qe5+ 34. Kc2
Rxd3 35. Rxd3 Qe2+ 36. Qxe2 fxe2 37. Nf3 Nd6 38. Nbd2 Rf8 39. Ne1 Rf1 40. Ndf3
e5 41. Rxd6 Kxd6 42. Kd3 e4+ 43. Kxe2 Rxf3 44. Nxf3 exf3+ 45. Kxf3 Ke5 46. g4
hxg4+ 47. Kxg4 Bc1 48. h5 Ke4 49. Kg3 Kf5 50. Kf3 Bf4 1/2-1/2

[Event "GBR-ch72"]
[Site "Edinburgh"]
[Date "1985.08.09"]
[Round "11.8"]
[White "Bellin, Robert"]
[Black "Watson, William N"]
[Result "0-1"]
[WhiteElo "2395"]
[BlackElo "2435"]
[PlyCount "60"]
[EventDate "1985.07.29"]
[EventType "swiss"]
[EventRounds "11"]
[EventCountry "GBR"]
[SourceTitle "BritBase"]
[Source "John Saunders"]
[SourceDate "2020.09.07"]
[SourceVersion "1"]
[SourceVersionDate "2020.09.07"]
[SourceQuality "2"]

1. f4 e5 2. fxe5 d6 3. Nf3 dxe5 4. e4 Bc5 5. Bc4 Nf6 6. Qe2 Nc6 7. Bxf7+ Kf8 8.
Bb3 Nd4 9. Nxd4 Qxd4 10. Rf1 Ke8 11. Nc3 c6 12. h3 Bb4 13. Rf3 Rf8 14. a3 Ba5
15. Ba2 g5 16. Qf1 Qd6 17. d3 g4 18. hxg4 Bxg4 19. Bh6 Ke7 20. Rxf6 Rxf6 21.
Bg5 Raf8 22. Qf2 Ke8 23. Bxf6 Rxf6 24. Qxa7 Qf8 25. Qb8+ Bd8 26. Qxe5+ Kd7 27.
Nd5 cxd5 28. Qxd5+ Kc8 29. Qc4+ Rc6 30. Qa4 Bh4+ 0-1

[Event "GBR-ch72"]
[Site "Edinburgh"]
[Date "1985.08.09"]
[Round "11.9"]
[White "Cummings, David H"]
[Black "Basman, Michael John"]
[Result "1-0"]
[WhiteElo "2415"]
[BlackElo "2400"]
[PlyCount "87"]
[EventDate "1985.07.29"]
[EventType "swiss"]
[EventRounds "11"]
[EventCountry "GBR"]
[SourceTitle "BritBase"]
[Source "John Saunders"]
[SourceDate "2020.09.07"]
[SourceVersion "1"]
[SourceVersionDate "2020.09.07"]
[SourceQuality "2"]

1. d4 b5 2. e4 a6 3. Nf3 e6 4. Bd3 c5 5. c3 Bb7 6. O-O Nf6 7. Re1 h6 8. Nbd2
Be7 9. e5 Nd5 10. dxc5 Bxc5 11. Ne4 Be7 12. a4 bxa4 13. Bc2 Nc6 14. Rxa4 Nb6
15. Ra1 Nc4 16. b3 N4xe5 17. Nxe5 Nxe5 18. Nd6+ Bxd6 19. Qxd6 Nc6 20. Ba3 Rc8
21. Re3 Qc7 22. Qd1 Ne7 23. Rg3 Nd5 24. c4 Qe5 25. Qe1 Qxe1+ 26. Rxe1 Nf4 27.
Rxg7 d5 28. Rg4 Nh5 29. Bb2 Ke7 30. Bxh8 Rxh8 31. c5 Rc8 32. b4 Nf6 33. Rh4 h5
34. Bd3 Rc7 35. f3 a5 36. bxa5 Rxc5 37. a6 Bc6 38. Ra1 e5 39. Rb4 e4 40. fxe4
dxe4 41. Bf1 (41. Rf1 {is given in the bulletin but must be wrong}) 41... e3
42. Rc4 Rxc4 43. Bxc4 Nd7 44. a7 {Amended 28/07/04} 1-0